000 00495nam a2200181Ia 4500
008 131103s9999 xx 000 0 und d
020 _cRs. 95
040 _aLoreto College
041 _aEnglish
082 _aF/HAM
_bLCBED/11509
245 _aGreat stories by Nobel prize winners
_cedited by Leo Hamalian & Edmond L. Volpe
260 _aKolkata
_bRupa
_c1993
300 _a367p
_c 18 cm
650 _aEnglish Fiction
700 _aHamalian,Leo. ed.
850 _aLCLIB/F/HAM
942 _cBK
999 _c32725
_d83204